| 000 | 00348nam a2200145Ia 4500 | ||
|---|---|---|---|
| 008 | 150201s1985 xx 000 0 und d | ||
| 082 |
_a611 _bR1985G |
||
| 100 | _aGANZ,MICHAEL | ||
| 245 | _aREVIEW OF HISTOLOGY | ||
| 250 | _a1ST | ||
| 260 |
_bLIPPINCOTT PUBLICATION _aPHILADELPHIA _c1985 |
||
| 300 | _a1-280 | ||
| 650 | _aANATOMY | ||
| 942 |
_2ddc _cBK |
||
| 999 |
_c3152 _d3152 |
||